Größte Städte in Belgien - Statistiken

Allgemein
  • Dieses Quiz wurde 528 mal gespielt
  • Das Durchschnittsergebnis liegt bei 6 aus 10
Antwortstatistiken
Bevölkerung Stadt % Korrekt
1,199,000 Brüssel
100%
523,248 Antwerpen
92%
260,341 Gent
86%
118,284 Brügge
83%
197,355 Liège
67%
201,816 Charleroi
58%
110,939 Namur
38%
95,299 Mons
25%
101,396 Leuven
23%
32,137 Deurne
2%
Keine übereinstimmenden Quizze gefunden
Verteilung der Resultate
Anzahl Personen mit jedem Resultat
Perzentil nach korrekt beantworteten Fragen
Ihre Resultats-Entwicklung
Sie haben dieses Quiz noch nicht gespielt